00840nam a2200241Ia 450000100060000000300090000600800410001504000130005604000130006904100130008210000260009510000290012124500780015024500380022825000110026626000110027726000150028826000490030330000590035250001310041165000250054265000310056779027IT-RoPAU130308s9999 xx 000 0 und d aIT-RoPAU cIT-RoPAU aITALIANO aCrepaldi Maria Grazia gCodice Aut. SPICS: 27281 aAi confini del linguaggio: il discorso teologico in filone di Alessandria bLinguaggi della Comunicazione (I) a1a ed. aPADOVA bGregoriana c1987 [1° Ed.:1987 - Ed.Ling.Originale:1985] a"13 p. (prefazione: no ; testo: 13 [pagine: 155-167])" aConcezione Filoniana del Linguaggio Linguaggio ed Espressione di Dio Valore della Riflessione Filoniana Sul Discorso Teologico aSAGGI DI LINGUISTICA eCodice materia Spics: 3207